000
00292nam a2200121 a 4500
008
101025s1978|||| d
100
1
_a
Lowry, Malcolm
245
1
0
_a
Na úpätí sopky
044
_a
xo
_c
SK
041
_a
slo
260
_b
Slovenský spisovateľ
_a
Bratislava
_c
1978
020
_c
26
999
_c
12116
_d
12116